La sintassi dei pronomi relativi in italiano moderno con particolare riguardo alla concorrenza tra /
Guardado en:
| Autor Principal: | |
|---|---|
| Formato: | Libro |
| Publicado: |
Uppsala :
Almqvist & Wiksell International,
1990
|
| Series: | Studia Romanica Upsaliensia,46
|
| Materias: | |
| Etiquetas: |
Agregar Etiqueta
Sin Etiquetas, Sea el primero en etiquetar este registro!
|
| LEADER | 00592nam a22001695a 4500 | ||
|---|---|---|---|
| 001 | EHU.bham005293 | ||
| 003 | AR-BHAM | ||
| 005 | 20081015154937.0 | ||
| 008 | 130507s1990##################000#0#####d | ||
| 082 | 4 | 5 | |a 457.03 |
| 100 | 1 | |a Larsson, Lars | |
| 245 | 1 | 0 | |a La sintassi dei pronomi relativi in italiano moderno con particolare riguardo alla concorrenza tra / |c Lars Larsson. |
| 260 | |a Uppsala : |b Almqvist & Wiksell International, |c 1990 | ||
| 300 | |a 320 p. | ||
| 490 | 0 | |a Studia Romanica Upsaliensia,46 | |
| 653 | |a Italiano-1601-1850 | ||
| 859 | |a AR-BHAM |b BIB. HUMANIDADES - General |h 457.03 |i L329 |p 326.90 |t Ej.1 | ||
